|
|
|
|
| LEADER |
02257nam a2200553 i 4500 |
| 001 |
nkc20152752581 |
| 003 |
CZ PrNK |
| 005 |
20220919125847.0 |
| 007 |
ta |
| 008 |
151203s2015 xr acehf 001 0 cze |
| 015 |
|
|
|a cnb002752581
|
| 020 |
|
|
|a 978-80-7422-372-3
|q (vázáno) :
|c Kč 439,00
|
| 035 |
|
|
|a (OCoLC)939571851
|
| 040 |
|
|
|a ABA001
|b cze
|e rda
|
| 041 |
0 |
|
|a cze
|b eng
|
| 043 |
|
|
|a e-xr---
|
| 045 |
|
|
|a t-w-
|
| 072 |
|
7 |
|a 72
|x Architektura
|2 Konspekt
|9 21
|
| 080 |
|
|
|a 728.8:929.7
|2 MRF
|
| 080 |
|
|
|a 728.82.012.8
|2 MRF
|
| 080 |
|
|
|a (437.3)
|2 MRF
|
| 080 |
|
|
|a (048.8)
|2 MRF
|
| 100 |
1 |
|
|a Lukášová, Eva,
|d 1959-
|7 mzk2013776286
|4 aut
|
| 245 |
1 |
0 |
|a Zámecké interiéry :
|b pohledy do aristokratických sídel od časů renesance do doby první poloviny 19. století /
|c Eva Lukášová
|
| 246 |
3 |
0 |
|a Pohledy do aristokratických sídel od časů renesance do doby první poloviny 19. století
|
| 250 |
|
|
|a Vydání první
|
| 264 |
|
1 |
|a Praha :
|b NLN, Nakladatelství Lidové noviny,
|c 2015
|
| 300 |
|
|
|a 349 stran :
|b ilustrace (převážně barevné), portréty, plány, faksimile ;
|c 25 cm
|
| 336 |
|
|
|a text
|b txt
|2 rdacontent
|
| 336 |
|
|
|a statický obraz
|b sti
|2 rdacontent
|
| 337 |
|
|
|a bez média
|b n
|2 rdamedia
|
| 338 |
|
|
|a svazek
|b nc
|2 rdacarrier
|
| 504 |
|
|
|a Obsahuje bibliografii, bibliografické odkazy a rejstříky
|
| 546 |
|
|
|a Anglické resumé
|
| 648 |
|
7 |
|a 16.-19. století
|7 ch757030
|2 czenas
|
| 650 |
0 |
7 |
|a šlechtická sídla
|7 ph127825
|z Česko
|2 czenas
|
| 650 |
0 |
7 |
|a zámecké interiéry
|7 ph203865
|z Česko
|y 16.-19. století
|2 czenas
|
| 650 |
0 |
9 |
|a residences of nobility
|z Czechia
|2 eczenas
|
| 650 |
0 |
9 |
|a chateau interiors
|z Czechia
|y 16th-19th centuries
|2 eczenas
|
| 655 |
|
7 |
|a monografie
|7 fd132842
|2 czenas
|
| 655 |
|
9 |
|a monographs
|2 eczenas
|
| 910 |
2 |
|
|a BOA001
|b 2-1356.758
|
| 928 |
9 |
|
|a Nakladatelství Lidové noviny
|
| 990 |
|
|
|a BK
|
| 995 |
|
|
|a 01
|
| 991 |
|
|
|b 201601
|c NOV
|
| 996 |
6 |
|
|b 2610652551
|c 2-1356.758
|l MZK
|r Sklad / do 1 hodiny
|n 4
|p p.v.
|w 001534564
|u 000010
|a 1
|e BOA001
|j MZK50
|s P
|
| 996 |
6 |
|
|b 2610652552
|c 2-1356.758
|l MZK
|r STM 6p
|n 0
|p dar
|h 728 LUK
|w 001534564
|u 000020
|a 0
|e BOA001
|j MZK50
|s P
|
| 996 |
7 |
|
|b 2610654723
|c 2-1356.758
|l MZK
|r Sklad / do 1 hodiny
|n 12
|p kup
|w 001534564
|u 000030
|a 1
|e BOA001
|j MZK50
|s A
|